00631nam a2200193Ia 4500008004100000020000700041082001600048100002400064245003000088250000700118260004000125300002500165500001900190600002100209650005000230942000700280952013500287999001500422240925s9999 xx 000 0 und d aNA a004.165 MAC aMackenzie ,Scott I. 4aThe 8051 Microcontroller  aNA aLahore:bWest Publishing Coc,1991. a280p.bNAfPhotocopy aIncludes Index aComputer Science aComputer science, information & general works cBK 001040708CSaUITUbUITUd1997-01-28eParamount Book Pvt Ltdg300.00l0o004.165 MACpQ1380r2024-09-25 07:12:24w2024-09-25yBK c3879d3879